000 00928nam a2200265Ia 4500
003 OSt
005 20220923223515.0
006 a|||||r|||| 00| 0
007 ta
008 220922b |||||||| |||| 00| 0 hin d
024 _a218,354
037 _cTextual
040 _aARTS
_cARTS
_bhin
041 _2hin
_ahin
082 _aO152,1J94:g, N2
100 _aपाटील, उर्मिला
_9156279
245 0 _aबिहारी सतसाई का तुलनात्मक अघ्ययन
246 _aBihārī satasāī kā tulanātmak aghyayana
260 _aकानपुर
_b विद्या प्रकाशन
_c1992
300 _a303i`
_ccm.
650 _a हिन्दी कविता
650 _aहिन्दी साहित्य
_9156264
942 _hO152,1J94:g, N2
_cTEXL
_2CC
999 _c365815
_d365815